000 00614nam a2200241Ia 4500
003 OSt
005 20221005052017.0
006 a|||||r|||| 00| 0
007 ta
008 221004b |||||||| |||| 00| 0 eng d
024 _a45459
037 _cTextual
040 _aCRL
_cCRL
_beng
041 _2eng
_aeng
082 _aO111:g(R2), K5
100 _aWilley Basil
245 0 _aEnglish moralists
260 _aLondon
_bChatto & Windus UK
_c1965
300 _a318p.
_ccm.
650 _aENGLISH LITERATURE
942 _hO111:g(R2), K5
_cTEXL
_2cc
999 _c959674
_d959674